Pensadores americanos
Збережено в:
| Автор: | |
|---|---|
| Формат: | Книга |
| Мова: | Іспанська |
| Опубліковано: |
Santiago
Imprenta de El Correo
1890
|
| Редагування: | 1a. ed |
| Предмети: | |
| Теги: |
Додати тег
Немає тегів, Будьте першим, хто поставить тег для цього запису!
|
MARC
| LEADER | 00000nam a2200000 a 4500 | ||
|---|---|---|---|
| 001 | UCJ4190 | ||
| 003 | CL-VaPUC | ||
| 005 | 20220223155649.0 | ||
| 008 | 070124e18900800CL |||||||||||||||||spa|d | ||
| 999 | |c 320307 |d 320305 | ||
| 040 | |c Pontificia Universidad Católica de Valparaíso | ||
| 082 | 0 | 4 | |a 928 |b FIG |2 21 |
| 100 | 0 | |a Figueroa, Pedro Pablo |e author |9 504749 | |
| 245 | 1 | 0 | |a Pensadores americanos |
| 250 | |a 1a. ed | ||
| 260 | |a Santiago |b Imprenta de El Correo |c 1890 | ||
| 300 | |a 137 p | ||
| 583 | |a last modification |c 20070124 00:00:00 |k Rodrigo Vera | ||
| 600 | 0 | |a Mitre, Bartolomé, |d 1821-1906 |9 866411 | |
| 600 | 0 | 7 | |a PALOMEQUE, ALBERTO |2 CL-VaPUC |9 507350 |
| 600 | 0 | 7 | |a PEREZ, LAZARO MARIA |2 CL-VaPUC |9 507351 |
| 600 | 0 | 7 | |a RAMIREZ, IGNACIO |2 CL-VaPUC |9 507352 |
| 600 | 0 | 7 | |a GOMEZ, JUAN CARLOS |2 CL-VaPUC |9 505038 |
| 600 | 0 | 7 | |a SOFFIA, JOSE ANTONIO |2 CL-VaPUC |9 350479 |
| 600 | 0 | 7 | |a SOSA, FRANCISCO |2 CL-VaPUC |9 507353 |
| 600 | 0 | 7 | |a VARELA, HECTOR F |2 CL-VaPUC |9 507354 |
| 600 | 0 | 7 | |a OCTAVIANO, FRANCISCO |2 CL-VaPUC |9 507355 |
| 600 | 0 | 7 | |a CARCAMO, RAMON J |2 CL-VaPUC |9 507356 |
| 600 | 0 | |a Sarmiento, Domingo Faustino |9 311947 | |
| 650 | 0 | |a Crítica literaria |9 269189 | |
| 650 | 7 | |a ESCRITORES AMERICANOS |2 CL-VaPUC |9 507357 | |
| 942 | |c BK |2 ddc | ||
| 945 | |d 20070124 00:00:00 |a rinostro | ||
| 952 | |0 0 |1 0 |4 0 |6 928_000000000000000_FIG_1890 |7 0 |8 X |9 398804 |a FDOBUD |b FDOBUD |d 2019-11-22 |i 1015044 |o 928 FIG 1890 |p 1015044 |r 2019-11-22 |w 2019-11-22 |y BK_X |k BUD | ||